[Event "TUR Cup										"]
[Site "Antalya"]
[Date "2018.02.02"]
[Round "10"]
[White "Erdogan, Anil Berk"]
[Black "Baysan, Ersin"]
[Result "1-0"]
[WhiteElo "2106"]
[BlackElo "1881"]
[PlyCount "73"]
[EventDate "2018.01.27"]
[EventType "swiss"]
[EventRounds "11"]
[EventCountry "TUR"]
[SourceTitle "CBM 182 Extra"]
[Source "ChessBase"]
[SourceDate "2018.02.23"]
[SourceVersion "1"]
[SourceVersionDate "2018.02.23"]
[SourceQuality "1"]

1. e4 c5 2. Nf3 Nc6 3. d4 cxd4 4. Nxd4 d6 5. Nc3 Nf6 6. Bc4 e6 7. Be3 Be7 8. Qe2 a6 9. 0-0-0 Qc7 10. Rhg1 Na5 11. Bd3 b5 12. Nb3 Bb7 13. f3 Nd7 14. Kb1 Nc5 15. e5 d5 16. Nxc5 Bxc5 17. Bxb5+ Kf8 18. Bxc5+ Qxc5 19. Ba4 Bc6 20. Bb3 Ke7 21. Qd2 Bd7 22. Qg5+ Kf8 23. Rge1 h6 24. Qf4 Rb8 25. Nxd5 Nxb3 26. axb3 exd5 27. e6 f6 28. Qxb8+ Be8 29. Qd8 Qe7 30. Rxd5 g5 31. Rd7 Qxd8 32. Rxd8 h5 33. Ra8 g4 34. f4 h4 35. Rd1 g3 36. hxg3 hxg3 37. Rd3 1-0

[Event "Troya op 23rd"]
[Site "Canakkale"]
[Date "2015.08.14"]
[Round "8"]
[White "Baysan, Ersin"]
[Black "Kocak, Can"]
[Result "1-0"]
[WhiteElo "1976"]
[BlackElo "1810"]
[PlyCount "44"]
[EventDate "2015.08.08"]
[EventType "swiss"]
[EventRounds "9"]
[EventCountry "TUR"]
[SourceTitle "CBM 167 Extra"]
[Source "ChessBase"]
[SourceDate "2015.09.14"]
[SourceVersion "1"]
[SourceVersionDate "2015.09.14"]
[SourceQuality "1"]

1. e4 c5 2. Nf3 Nc6 3. Nc3 g6 4. Bc4 Bg7 5. 0-0 e6 6. a3 Nge7 7. d3 0-0 8. Bg5 h6 9. Bh4 a6 10. Rb1 b5 11. Ba2 Qa5 12. Qd2 Bb7 13. Rfe1 d6 14. Bg3 Rad8 15. h4 Nd4 16. h5 Kh8 17. Qd1 Nec6 18. Nxd4 Nxd4 19. Ne2 Nxe2+ 20. Qxe2 d5 21. hxg6 fxg6 22. e5 Qc7 1-0

[Event "Cesme op 2nd"]
[Site "Cesme"]
[Date "2014.06.14"]
[Round "1"]
[White "Rasulov, Vugar Ural Oglu"]
[Black "Baysan, Ersin"]
[Result "1-0"]
[WhiteElo "2506"]
[BlackElo "2007"]
[PlyCount "83"]
[EventDate "2014.06.14"]
[EventType "swiss"]
[EventRounds "9"]
[EventCountry "TUR"]
[SourceTitle "CBM 160 Extra"]
[Source "ChessBase"]
[SourceDate "2014.07.01"]
[SourceVersion "1"]
[SourceVersionDate "2014.07.01"]
[SourceQuality "1"]

1. e4 c5 2. Nf3 e6 3. d4 cxd4 4. Nxd4 Nf6 5. Nc3 d6 6. g4 a6 7. g5 Nfd7 8. Bg2 Be7 9. h4 Nc6 10. Be3 Qc7 11. Qe2 Na5 12. f4 Nc4 13. Bc1 b5 14. b3 Na3 15. Rh3 b4 16. Nd1 Bb7 17. c3 a5 18. Bb2 0-0 19. h5 d5 20. e5 Ba6 21. Qg4 bxc3 22. Bxc3 Nc5 23. g6 h6 24. gxf7+ Rxf7 25. Rg3 Nd3+ 26. Kd2 Nxf4 27. Nxe6 Nxe6 28. Qxe6 Bg5+ 29. Rxg5 hxg5 30. Bxd5 Rd8 31. Kc1 Be2 32. Qxf7+ Qxf7 33. Bxf7+ Kxf7 34. Nf2 g4 35. Kb2 Nb5 36. e6+ Ke7 37. Bxa5 g3 38. Bxd8+ Kxd8 39. Nh3 Bg4 40. Nf4 Nd4 41. Rg1 Nf5 42. a4 1-0

[Event "Edirne op"]
[Site "Edirne"]
[Date "2010.07.??"]
[Round "1"]
[White "Baysan, Ersin"]
[Black "Azaladze, Shota"]
[Result "0-1"]
[WhiteElo "2011"]
[BlackElo "2443"]
[PlyCount "66"]
[EventDate "2010.07.??"]
[EventType "swiss"]
[EventRounds "9"]
[EventCountry "TUR"]
[SourceTitle "EXT 2011"]
[Source "ChessBase"]
[SourceDate "2010.11.26"]
[SourceVersion "1"]
[SourceVersionDate "2010.11.26"]
[SourceQuality "1"]

1. d4 g6 2. Nf3 Bg7 3. Bf4 d6 4. e3 Nd7 5. Be2 e5 6. Bg3 Nh6 7. dxe5 dxe5 8. Bh4 f6 9. e4 0-0 10. Nc3 c6 11. 0-0 Nf7 12. Qd2 Bh6 13. Qe1 Qe7 14. Bc4 b5 15. Bxf7+ Qxf7 16. Qe2 Nc5 17. Rfd1 b4 18. Nb1 a5 19. Rd6 Ba6 20. Qe1 Qe7 21. Rd1 Rad8 22. Nbd2 Na4 23. Rdb1 g5 24. a3 Bb5 25. Qe3 Kg7 26. Nf1 gxh4 27. Nxh4 Bxe3 28. Nf5+ Kf7 29. Nxe7 Bd4 30. Nf5 Bxb2 31. Rxb2 Nxb2 32. axb4 Bxf1 33. Rxa5 Ra8 0-1